| 000 | 01488nam a2200397 a 4500 | ||
|---|---|---|---|
| 001 | ebr10263714 | ||
| 003 | CaPaEBR | ||
| 006 | m u | ||
| 007 | cr cn||||||||| | ||
| 008 | 080226s2008 enk sb 001 0 eng | ||
| 010 | _z 2008008564 | ||
| 015 |
_aGBA858617 _2bnb |
||
| 016 | 7 |
_z014595359 _2Uk |
|
| 020 | _z9780199233120 | ||
| 020 | _z0199233128 | ||
| 040 |
_aCaPaEBR _cCaPaEBR |
||
| 035 | _a(OCoLC)310698733 | ||
| 050 | 1 | 4 |
_aJZ6385 _b.J87 2008eb |
| 082 | 0 | 4 |
_a172/.42 _222 |
| 245 | 0 | 0 |
_aJust and unjust warriors _h[electronic resource] : _bthe moral and legal status of soldiers / _c[edited by] David Rodin and Henry Shue. |
| 260 |
_aOxford ; _aNew York : _bOxford University Press, _c2008. |
||
| 300 | _aix, 261 p. | ||
| 504 | _aIncludes bibliographical references and index. | ||
| 533 |
_aElectronic reproduction. _bPalo Alto, Calif. : _cebrary, _d2013. _nAvailable via World Wide Web. _nAccess may be limited to ebrary affiliated libraries. |
||
| 650 | 0 | _aWar. | |
| 650 | 0 |
_aWar _xMoral and ethical aspects. |
|
| 650 | 0 |
_aTerrorism _xMoral and ethical aspects. |
|
| 650 | 0 | _aWar (International law) | |
| 650 | 0 | _aAggression (International law) | |
| 650 | 0 |
_aSoldiers _xLegal status, laws, etc. |
|
| 655 | 7 |
_aElectronic books. _2local |
|
| 700 | 1 | _aRodin, David. | |
| 700 | 1 | _aShue, Henry. | |
| 710 | 2 | _aebrary, Inc. | |
| 856 | 4 | 0 |
_uhttp://site.ebrary.com/lib/rucke/Doc?id=10263714 _zAn electronic book accessible through the World Wide Web; click to view |
| 999 |
_c27612 _d27612 |
||